000 nam a22 a 4500
999 _c188658
_d188658
003 BLK
005 20220328133627.0
008 180411b bul|||||r ||||||| ||bul||
010 _aKNG00197677000
040 _aBLK
041 _aBUL
_cBUL
080 _aФлора. География на растенията (фитогеография). Подразделя се с общите определители на място (Табл. Іe). Вж и 581.5
_b581.9
_x(497.2)
_z581.9(497.2)
139 _aФлора на Народна република България
_bФ 64
245 1 0 _aФлора на Народна република България
_bТ. 1 -
_cред. Велчо Велчев.
_nТ. 9
257 _aBGR
260 _aСофия
_bБАН
_c1963 -
300 _c24 см
380 _a5
500 _aИзд. на БАН. Инст. по ботаника с ботан. градина
650 4 _aРастения - България - систематика
_9255640
700 1 _aВелчев, Велчо
_eред.
_9384637
760 1 _d1989
_h541 с.
_nСъдържа и Бълг.-лат. речник по ботан. термини. - Азб. показалец.
_tТ. 9
852 _aЦб 28585
_bЦб
856 4 _qpdf
856 4 _qpdf
942 _cKNG
_n0
_s1
944 _aCR
_c09.12.2016
_kСилвестър_Спасов
944 _aED
_c09.12.2016
_kГеновева_Генчева